| 000 | 00762nam a2200217 u 4500 | ||
|---|---|---|---|
| 005 | 20240924065407.0 | ||
| 008 | 090818s2006 es r 000 0 spa d | ||
| 020 | _a8487682766 | ||
| 035 | _aUPN01000171904 | ||
| 049 | _aCG | ||
| 050 | 4 |
_aLB2196 M6 _bE3.8 |
|
| 245 | 0 | 0 |
_aEducación y formación de profesores : _bcomplejidad cognitiva y entorno global / _ccoord. Héctor Manuel Jacobo García. |
| 260 |
_aBarcelona, Esp. : _bPomares, _cc2006. |
||
| 300 |
_a216 p. : _bcuadros |
||
| 440 | 0 | _aPedagógica mexicana | |
| 650 | 4 |
_aMaestros _xFormación profesional _zMéxico _9796 |
|
| 650 | 4 |
_aMaestros universitarios _zMéxico _95220 |
|
| 650 | 4 |
_aEducación superior _zMéxico _94968 |
|
| 700 | 1 |
_aJacobo García, Héctor Manuel, _ecoord. _933910 |
|
| 905 | _aLibro | ||
| 999 |
_c144008 _d144008 |
||